00931cam a2200253 i 45000010008000000030009000080050017000170080041000340100017000750150012000920400028001040410011001320500017001430820013001601000035001732400061002082450125002692600042003943000034004365000067004705000072005376500019006097100049006283639694BDDh-ASL20231015025957.0750821s1974 ru a 000 0 eng  a 75322260  aUSSR*** aDLCcDLCdDLCdBDDh-ASL1 aengrus00aD20b.M3121300a909bSHO1 aManfred, Alʹbert Zakharovich.10aKratkai︠a︡ vsemirnai︠a︡ istorii︠a︡.lEnglish12aA short history of the world, Volume 1 /cedited by A. Z. Manfred ; [translated from the Russian by Katharine Judelson]. aMoscow :bProgress Publishers,c1974. aV-1, 599 p. :bill. ;c23 cm. aTranslation of Kratkai︠a︡ vsemirnai︠a︡ istorii︠a︡. aOn fly leaf: Institute of History, Academy of Sciences of the USSR. 0aWorld history.2 aInstitut istorii (Akademii︠a︡ nauk SSSR)